[Event "Florianopolis op 10th"]
[Site "Florianopolis"]
[Date "2024.01.21"]
[Round "2"]
[White "Rahn, Marlon Cristiano"]
[Black "Da Silva, Esequiel Luis Melo"]
[Result "0-1"]
[WhiteElo "1295"]
[BlackElo "1647"]
[PlyCount "66"]
[EventDate "2024.01.20"]
[EventType "swiss"]
[EventRounds "10"]
[EventCountry "BRA"]
[SourceTitle "CB05_2024"]
[SourceDate "2024.01.31"]
[SourceVersion "1"]
[SourceVersionDate "2024.01.31"]
[SourceQuality "1"]

1. c4 e6 2. g3 d5 3. cxd5 exd5 4. Bg2 c6 5. Nf3 Bd6 6. 0-0 Ne7 7. d3 0-0 8. Nc3 Nd7 9. Bg5 f6 10. Bd2 Ne5 11. d4 Nxf3+ 12. Bxf3 Bf5 13. e3 Bh3 14. Bg2 Bxg2 15. Kxg2 Qe8 16. a3 a5 17. Na4 b5 18. Nc5 Bxc5 19. dxc5 Ng6 20. b4 axb4 21. axb4 Qe4+ 22. Kg1 Ne5 23. f4 Rxa1 24. Qxa1 Nf3+ 25. Rxf3 Qxf3 26. Qd4 Re8 27. Qd3 Re4 28. Qb3 Qe2 29. Qa2 h6 30. f5 Qf3 31. Qa8+ Kh7 32. Be1 Rxe3 33. Qa1 Re2 0-1

[Event "Florianopolis Autumn op U1800"]
[Site "Florianopolis"]
[Date "2022.05.14"]
[Round "3"]
[White "Rodrigues Nogueira, Carlos Manuel"]
[Black "Da Silva, Esequiel Luis Melo"]
[Result "1-0"]
[WhiteElo "1746"]
[BlackElo "1638"]
[PlyCount "69"]
[EventDate "2022.05.13"]
[EventType "swiss"]
[EventRounds "6"]
[EventCountry "BRA"]
[SourceTitle "CBM 208 Extra"]
[Source "ChessBase"]
[SourceDate "2022.07.31"]
[SourceVersion "1"]
[SourceVersionDate "2022.07.31"]
[SourceQuality "1"]

1. e4 e6 2. d4 d5 3. Nc3 dxe4 4. Nxe4 Bd7 5. Nf3 Bc6 6. Bd3 Bxe4 7. Bxe4 c6 8. c3 Nf6 9. Bc2 Bd6 10. Bg5 Nbd7 11. 0-0 Qc7 12. Re1 Bf4 13. g3 Bxg5 14. Nxg5 h6 15. Ne4 Nxe4 16. Rxe4 Nf6 17. Re5 0-0 18. Qd3 Rfd8 19. Rae1 Rac8 20. Qf3 Qb6 21. Bb3 Rd7 22. g4 c5 23. g5 hxg5 24. Rxg5 Kf8 25. Qh3 Rdd8 26. Bxe6 fxe6 27. Qh8+ Ke7 28. Qxg7+ Kd6 29. Qxf6 Re8 30. dxc5+ Rxc5 31. Qd4+ Kc6 32. Qa4+ Kd6 33. Rd1+ Kc7 34. Rxc5+ Qxc5 35. Qxe8 1-0

[Event "Florianopolis op 8th"]
[Site "Florianopolis"]
[Date "2022.01.27"]
[Round "5"]
[White "Crespo Ruiz, Manuel"]
[Black "Da Silva, Esequiel Luis Melo"]
[Result "1-0"]
[WhiteElo "1967"]
[BlackElo "1704"]
[PlyCount "59"]
[EventDate "2022.01.24"]
[EventType "swiss"]
[EventRounds "10"]
[EventCountry "BRA"]
[SourceTitle "CBM 206 Extra"]
[Source "ChessBase"]
[SourceDate "2022.03.31"]
[SourceVersion "1"]
[SourceVersionDate "2022.03.31"]
[SourceQuality "1"]

1. d4 d5 2. Nf3 c6 3. e3 Nf6 4. Bd3 e6 5. Nbd2 Bd6 6. 0-0 0-0 7. Qe2 Nbd7 8. e4 dxe4 9. Nxe4 Nxe4 10. Qxe4 g6 11. c3 c5 12. Bc2 Qc7 13. dxc5 Nxc5 14. Qh4 Be7 15. Qh6 Nd7 16. Bf4 Qc5 17. Rfe1 Re8 18. Rad1 Bf8 19. Qh4 Qe7 20. Bg5 Qc5 21. Ba4 b5 22. Be3 Qf5 23. Nd4 Qd5 24. Nxb5 Qb7 25. Nd6 Bxd6 26. Rxd6 Qxb2 27. Red1 Qxc3 28. Bxd7 Bxd7 29. Rxd7 e5 30. Qf6 1-0

[Event "Florianopolis op 8th"]
[Site "Florianopolis"]
[Date "2022.01.27"]
[Round "6"]
[White "Da Silva, Esequiel Luis Melo"]
[Black "Monici, Arthur Brecht De Fr"]
[Result "1-0"]
[WhiteElo "1704"]
[BlackElo "1295"]
[PlyCount "71"]
[EventDate "2022.01.24"]
[EventType "swiss"]
[EventRounds "10"]
[EventCountry "BRA"]
[SourceTitle "EXT 2023"]
[Source "ChessBase"]
[SourceDate "2022.10.05"]
[SourceVersion "1"]
[SourceVersionDate "2022.10.05"]
[SourceQuality "1"]

1. d4 d5 2. Nf3 Nf6 3. e3 Bf5 4. Bd3 Ne4 5. Nh4 e6 6. Nxf5 exf5 7. 0-0 g6 8. c4 Nf6 9. Qb3 Nbd7 10. cxd5 Bd6 11. h3 Nb6 12. Bb5+ Kf8 13. Nc3 Nfxd5 14. Nxd5 Nxd5 15. Bc4 Nf6 16. Bxf7 Qe7 17. Qxb7 Kxf7 18. b3 Rhc8 19. Bb2 c6 20. Qa6 Nd5 21. Qc4 Kf8 22. Rfe1 Nb6 23. Qf1 Rab8 24. f3 Na4 25. Bc1 Nc3 26. e4 fxe4 27. Bh6+ Ke8 28. Rac1 Kd7 29. Rxc3 Bb4 30. Rxe4 Qf7 31. Rce3 Re8 32. Qa6 Kd6 33. Bf4+ Qxf4 34. Rxf4 Rxe3 35. Rf6+ Kd5 36. Qc4# 1-0

[Event "Florianopolis op 8th"]
[Site "Florianopolis"]
[Date "2022.01.25"]
[Round "3"]
[White "Reichert, Thiago da Cruz"]
[Black "Da Silva, Esequiel Luis Melo"]
[Result "1-0"]
[WhiteElo "1986"]
[BlackElo "1704"]
[PlyCount "61"]
[EventDate "2022.01.24"]
[EventType "swiss"]
[EventRounds "10"]
[EventCountry "BRA"]
[SourceTitle "CBM 206 Extra"]
[Source "ChessBase"]
[SourceDate "2022.03.31"]
[SourceVersion "1"]
[SourceVersionDate "2022.03.31"]
[SourceQuality "1"]

1. d4 d5 2. c4 e6 3. Nc3 Nf6 4. Nf3 c6 5. e3 Bd6 6. Bd3 Nbd7 7. 0-0 0-0 8. b3 e5 9. cxd5 cxd5 10. dxe5 Nxe5 11. Nxe5 Bxe5 12. Bb2 Bxh2+ 13. Kxh2 Ng4+ 14. Kg3 Qd6+ 15. Kf3 Nh2+ 16. Ke2 Bg4+ 17. f3 Nxf1 18. Kxf1 Be6 19. Ne2 Qh2 20. Kf2 Rfe8 21. Bd4 Qh4+ 22. Ng3 g6 23. Qd2 Qg5 24. Rh1 Bd7 25. Qb2 a6 26. f4 Qe7 27. Qe2 Rac8 28. Rxh7 Qxe3+ 29. Qxe3 Kxh7 30. Qf3 Kg8 31. f5 1-0

[Event "Florianopolis op 8th"]
[Site "Florianopolis"]
[Date "2022.01.24"]
[Round "1"]
[White "Cadilhac, Igor Tokuichi Kikuc"]
[Black "Da Silva, Esequiel Luis Melo"]
[Result "1-0"]
[WhiteElo "2283"]
[BlackElo "1704"]
[PlyCount "91"]
[EventDate "2022.01.24"]
[EventType "swiss"]
[EventRounds "10"]
[EventCountry "BRA"]
[SourceTitle "CBM 206 Extra"]
[Source "ChessBase"]
[SourceDate "2022.03.31"]
[SourceVersion "1"]
[SourceVersionDate "2022.03.31"]
[SourceQuality "1"]

1. e4 e6 2. d4 d5 3. Nd2 dxe4 4. Nxe4 Bd7 5. Nf3 Bc6 6. Bd3 Bxe4 7. Bxe4 c6 8. 0-0 Nf6 9. Bd3 Bd6 10. Re1 Qc7 11. Ne5 Nbd7 12. Qe2 0-0 13. h3 Rac8 14. Bg5 g6 15. Qf3 Nh5 16. Nxd7 Qxd7 17. Rad1 Qc7 18. Re4 Qa5 19. Bh6 Rfe8 20. g4 Ng7 21. Qf6 Bf8 22. Rf4 Rc7 23. a3 Rd7 24. Bg5 Nh5 25. gxh5 Bg7 26. hxg6 hxg6 27. Qxg7+ Kxg7 28. Bf6+ Kh6 29. Rh4+ Qh5 30. Rxh5+ gxh5 31. f4 Rg8+ 32. Kf2 b6 33. Bg5+ Kg7 34. Rg1 f5 35. Ke3 Kf7 36. Be2 Rh8 37. Bh4 Rc7 38. Rg5 Ke8 39. Bc4 Rh6 40. Be1 h4 41. Bb4 Kf7 42. Rxf5+ Ke8 43. Rg5 a5 44. Bd6 Rd7 45. Be5 Rf7 46. Bd3 1-0

[Event "Florianopolis op 09"]
[Site "Florianopolis"]
[Date "2021.09.25"]
[Round "2"]
[White "Acosta Martinez, Cesar Ariel"]
[Black "Da Silva, Esequiel Luis Melo"]
[Result "0-1"]
[WhiteElo "1298"]
[BlackElo "1705"]
[PlyCount "100"]
[EventDate "2021.09.24"]
[EventType "swiss"]
[EventRounds "6"]
[EventCountry "BRA"]
[SourceTitle "EXT 2023"]
[Source "ChessBase"]
[SourceDate "2022.10.05"]
[SourceVersion "1"]
[SourceVersionDate "2022.10.05"]
[SourceQuality "1"]

1. d4 d5 2. Bf4 e6 3. e3 Bd6 4. Bg3 Ne7 5. Nf3 c5 6. c3 c4 7. Be2 Nbc6 8. 0-0 Bxg3 9. hxg3 Qb6 10. Qc2 f5 11. Nbd2 0-0 12. Kh2 Ng6 13. Rh1 h6 14. Kg1 e5 15. Nh4 Nxh4 16. Rxh4 e4 17. b3 cxb3 18. axb3 Be6 19. f3 Rfc8 20. Qd1 Qc7 21. f4 Ne7 22. Rc1 Qa5 23. c4 Qb4 24. g4 dxc4 25. bxc4 Qa3 26. Nf1 Ng6 27. gxf5 Nxh4 28. fxe6 Nf5 29. Qd2 Rc6 30. d5 Rb6 31. g4 Rb2 32. Rc2 Rxc2 33. Qxc2 Nxe3 34. Qxe4 Nxf1 35. Kxf1 Qh3+ 36. Ke1 Qg3+ 37. Kd2 Qa3 38. Qd4 Rf8 39. f5 Qb4+ 40. Ke3 a5 41. d6 Qb3+ 42. Bd3 g6 43. d7 gxf5 44. gxf5 Qd1 45. e7 Qe1+ 46. Be2 Qc1+ 47. Qd2 Qa3+ 48. Qd3 Qxe7+ 49. Kd2 Rd8 50. Qd5+ Qf7 0-1

[Event "Florianopolis op 7th"]
[Site "Florianopolis"]
[Date "2021.01.19"]
[Round "3"]
[White "Da Silva, Esequiel Luis Melo"]
[Black "Monteiro, Samuel Ramazzotte"]
[Result "1-0"]
[WhiteElo "1677"]
[BlackElo "1260"]
[PlyCount "73"]
[EventDate "2021.01.18"]
[EventType "swiss"]
[EventRounds "10"]
[EventCountry "BRA"]
[SourceTitle "CBM 200 Extra"]
[Source "ChessBase"]
[SourceDate "2021.03.31"]
[SourceVersion "1"]
[SourceVersionDate "2021.03.31"]
[SourceQuality "1"]

1. Nf3 d5 2. d4 e6 3. c4 Nf6 4. Nc3 Nbd7 5. Bg5 c6 6. e3 Qa5 7. Nd2 Bb4 8. Qc2 0-0 9. c5 b6 10. Bxf6 Nxf6 11. Nb3 Bxc3+ 12. bxc3 Qa3 13. Bd3 Ba6 14. 0-0 Bxd3 15. Qxd3 b5 16. Qc2 Qa6 17. Nd2 Qc8 18. Rfe1 Nd7 19. e4 Re8 20. Re3 dxe4 21. Nxe4 Qd8 22. Nd6 Rf8 23. Rae1 Qf6 24. Qe4 Nb8 25. Nxb5 Qe7 26. Rh3 g6 27. Qf3 Kh8 28. Nd6 Kg8 29. Re4 Qg5 30. Re1 Qe7 31. Rh6 a6 32. Qh3 f5 33. Qe3 Rf6 34. Qg5 Rf7 35. Nxf7 Qxf7 36. Qe3 Kg7 37. Rh3 1-0

[Event "Florianopolis op 7th"]
[Site "Florianopolis"]
[Date "2021.01.19"]
[Round "2"]
[White "Pertuzatti, Daniel"]
[Black "Da Silva, Esequiel Luis Melo"]
[Result "1-0"]
[WhiteElo "1949"]
[BlackElo "1677"]
[PlyCount "59"]
[EventDate "2021.01.18"]
[EventType "swiss"]
[EventRounds "10"]
[EventCountry "BRA"]
[SourceTitle "CBM 200 Extra"]
[Source "ChessBase"]
[SourceDate "2021.03.31"]
[SourceVersion "1"]
[SourceVersionDate "2021.03.31"]
[SourceQuality "1"]

1. e4 d6 2. d4 Nf6 3. Bd3 e5 4. Ne2 exd4 5. Nxd4 g6 6. Bg5 Bg7 7. Nc3 h6 8. Bh4 Nc6 9. Nxc6 bxc6 10. 0-0 g5 11. Bg3 Ng4 12. h3 Ne5 13. f4 gxf4 14. Bxf4 Qh4 15. Ne2 Nxd3 16. cxd3 Rg8 17. Kh2 Bxb2 18. Qc2 Rxg2+ 19. Kxg2 Bxh3+ 20. Kf3 Bg4+ 21. Ke3 Bxe2 22. Qxb2 Bxf1 23. Rxf1 0-0-0 24. Qh2 Qe7 25. Qxh6 d5 26. Bg5 Qc5+ 27. Kf3 Re8 28. Rb1 d4 29. Qh3+ Re6 30. Qh8+ 1-0

[Event "Florianopolis op 7th"]
[Site "Florianopolis"]
[Date "2021.01.18"]
[Round "1"]
[White "Da Silva, Esequiel Luis Melo"]
[Black "Goncalves, Maria Talissa Neves"]
[Result "1-0"]
[WhiteElo "1677"]
[BlackElo "1222"]
[PlyCount "93"]
[EventDate "2021.01.18"]
[EventType "swiss"]
[EventRounds "10"]
[EventCountry "BRA"]
[SourceTitle "CBM 200 Extra"]
[Source "ChessBase"]
[SourceDate "2021.03.31"]
[SourceVersion "1"]
[SourceVersionDate "2021.03.31"]
[SourceQuality "1"]

1. Nf3 d5 2. d4 Nc6 3. c4 Nf6 4. Nc3 e6 5. Bg5 Be7 6. e3 0-0 7. cxd5 exd5 8. Bb5 Ne4 9. Nxe4 dxe4 10. Bxc6 Bxg5 11. Bxe4 Qe7 12. Qc2 g6 13. Nxg5 Qxg5 14. Qxc7 Re8 15. Bf3 Re7 16. Qc5 Qf6 17. 0-0 a6 18. e4 Rb8 19. e5 Qg5 20. Qd6 Ra8 21. Rac1 Bh3 22. Qf6 Qxf6 23. exf6 Rd7 24. gxh3 Rxd4 25. Bxb7 Rad8 26. Rc8 Rxc8 27. Bxc8 Rd6 28. Rc1 Rxf6 29. Rc2 Kg7 30. Bb7 g5 31. Rc6 Rf4 32. Bxa6 h5 33. Kg2 f6 34. Rc4 Rf5 35. Rc6 Kf8 36. Bc4 Rf4 37. b4 Ke8 38. b5 Kd8 39. b6 f5 40. Rc5 h4 41. Rd5+ Ke7 42. b7 g4 43. b8Q gxh3+ 44. Kxh3 Kf6 45. Qd8+ Kg6 46. Rd6+ Kh5 47. Qe8+ 1-0

[Event "Florianopolis op 6th"]
[Site "Florianopolis"]
[Date "2020.01.21"]
[Round "2"]
[White "Andrade, Guilherme A de Sou"]
[Black "Da Silva, Esequiel Luis Melo"]
[Result "0-1"]
[WhiteElo "1913"]
[BlackElo "1651"]
[PlyCount "98"]
[EventDate "2020.01.20"]
[EventType "swiss"]
[EventRounds "10"]
[EventCountry "BRA"]
[SourceTitle "CBM 194 Extra"]
[Source "ChessBase"]
[SourceDate "2020.03.31"]
[SourceVersion "1"]
[SourceVersionDate "2020.03.31"]
[SourceQuality "1"]

1. d4 d6 2. c4 Nf6 3. Nc3 Nbd7 4. e4 e5 5. Nf3 c6 6. Bd3 Be7 7. 0-0 Qc7 8. h3 h6 9. Be3 Nf8 10. Nd2 g5 11. Be2 Ng6 12. Bg4 Nxg4 13. hxg4 Qd7 14. d5 Qxg4 15. Qxg4 Bxg4 16. Nb3 a5 17. a4 c5 18. Nb5 Kd8 19. Bd2 b6 20. Nc1 Nf4 21. b3 h5 22. f3 Bd7 23. Kf2 f5 24. Nc3 g4 25. N1e2 Nd3+ 26. Kg1 f4 27. Nc1 Nb4 28. N1e2 gxf3 29. Rxf3 Bg4 30. Rff1 Bh4 31. Be1 Bxe1 32. Raxe1 Nc2 33. Rc1 Ne3 34. Rf2 Kd7 35. Nd1 Raf8 36. Nec3 Nxd1 37. Nxd1 h4 38. Kf1 h3 39. Kg1 hxg2 40. Rxg2 Rfg8 41. Nf2 Bf3 42. Rxg8 Rxg8+ 43. Kf1 Ke7 44. Ke1 Rg2 45. Rc2 Rg3 46. Rc3 Kd8 47. Kd2 Kd7 48. Kd3 Bg2+ 49. Ke2 Rxc3 0-1

[Event "Florianopolis op 5th"]
[Site "Florianopolis"]
[Date "2019.01.26"]
[Round "8"]
[White "Da Silva, Esequiel Luis Melo"]
[Black "Moretto, Heitor Frainer"]
[Result "1-0"]
[WhiteElo "1680"]
[BlackElo "1426"]
[PlyCount "25"]
[EventDate "2019.01.21"]
[EventType "swiss"]
[EventRounds "10"]
[EventCountry "BRA"]
[SourceTitle "CBM 188 Extra"]
[Source "ChessBase"]
[SourceDate "2019.02.26"]
[SourceVersion "1"]
[SourceVersionDate "2019.02.26"]
[SourceQuality "1"]

1. d4 Nf6 2. c4 e6 3. g3 d5 4. Bg2 b6 5. Nf3 Bb7 6. Nbd2 Be7 7. Ne5 0-0 8. Ndf3 Nbd7 9. b3 c5 10. Nxd7 Qxd7 11. Ne5 Qc7 12. cxd5 cxd4 13. Qxd4 1-0

[Event "Florianopolis op 5th"]
[Site "Florianopolis"]
[Date "2019.01.26"]
[Round "9"]
[White "Kim, Thiago"]
[Black "Da Silva, Esequiel Luis Melo"]
[Result "1-0"]
[WhiteElo "1508"]
[BlackElo "1680"]
[PlyCount "85"]
[EventDate "2019.01.21"]
[EventType "swiss"]
[EventRounds "10"]
[EventCountry "BRA"]
[SourceTitle "CBM 188 Extra"]
[Source "ChessBase"]
[SourceDate "2019.02.26"]
[SourceVersion "1"]
[SourceVersionDate "2019.02.26"]
[SourceQuality "1"]

1. e4 d6 2. d4 Nf6 3. Nc3 b6 4. Be3 Bb7 5. f3 Nbd7 6. Qd2 g6 7. 0-0-0 Bg7 8. Kb1 0-0 9. g4 c5 10. d5 Qc8 11. h4 Ba6 12. Bxa6 Qxa6 13. h5 Ne5 14. hxg6 fxg6 15. Bh6 Rf7 16. Bxg7 Rxg7 17. Nce2 Rf8 18. Nf4 Rc8 19. Ne6 Rf7 20. g5 Ne8 21. f4 Nc4 22. Qh2 Qb5 23. b3 Qb4 24. f5 Na3+ 25. Kc1 Qxe4 26. fxg6 Qxg6 27. Nh3 Qh5 28. Nhf4 Qxh2 29. Rxh2 Nc7 30. c4 Nxe6 31. Nxe6 b5 32. Kb2 bxc4 33. Kxa3 cxb3 34. axb3 Rf3 35. Rhd2 Rb8 36. Rd3 Rf2 37. R1d2 Rf1 38. Rc3 Ra1+ 39. Kb2 Rf1 40. Rh2 Rb4 41. Rc4 Rd1 42. Rxb4 cxb4 43. Nc7 1-0

[Event "Florianopolis op 4th"]
[Site "Florianopolis"]
[Date "2018.01.20"]
[Round "3"]
[White "Da Silva, Esequiel Luis Melo"]
[Black "Lopes, Leonardo Borges"]
[Result "1-0"]
[WhiteElo "1723"]
[BlackElo "1302"]
[PlyCount "115"]
[EventDate "2018.01.19"]
[EventType "swiss"]
[EventRounds "10"]
[EventCountry "BRA"]
[SourceTitle "CBM 182 Extra"]
[Source "ChessBase"]
[SourceDate "2018.02.23"]
[SourceVersion "1"]
[SourceVersionDate "2018.02.23"]
[SourceQuality "1"]

1. Nf3 c5 2. g3 Nf6 3. Bg2 e6 4. d4 cxd4 5. 0-0 d5 6. Nxd4 Be7 7. c4 0-0 8. cxd5 Nxd5 9. Nc3 Nxc3 10. bxc3 Bf6 11. Ba3 Re8 12. Qb3 Qc7 13. Rab1 a6 14. Bxb7 Bxb7 15. Qxb7 Ra7 16. Qb6 Nd7 17. Qxc7 Rxc7 18. Rb3 Rec8 19. Bb4 Ne5 20. Ra3 Nc6 21. e3 Nxb4 22. cxb4 Bxd4 23. exd4 Rc4 24. Rxa6 Rxb4 25. Rd6 g6 26. Ra6 Rxd4 27. a4 Rc2 28. a5 Ra2 29. Ra7 Kg7 30. a6 Rdd2 31. Kg2 Rd6 32. Rc1 Rdxa6 33. Rb7 Ra7 34. Rb8 Ra8 35. Rbb1 g5 36. g4 Kg6 37. Rc7 R8a4 38. Kg3 h5 39. gxh5+ Kxh5 40. Rxf7 Rg4+ 41. Kf3 Rf4+ 42. Rxf4 gxf4 43. Rb5+ Kg6 44. h4 Kf6 45. Rg5 e5 46. Rg8 Kf5 47. h5 e4+ 48. Kg2 e3 49. h6 e2 50. Re8 Kg4 51. h7 f3+ 52. Kh2 e1Q 53. Rxe1 Rxf2+ 54. Kh1 Kg3 55. Rg1+ Kf4 56. h8Q Ke3 57. Qe5+ Kd3 58. Rg8 1-0

[Event "Florianopolis Winter Amateur op"]
[Site "Florianopolis"]
[Date "2017.08.12"]
[Round "3"]
[White "Da Silva, Esequiel Luis Melo"]
[Black "Vicenzi, Liziane Nathalia"]
[Result "1-0"]
[WhiteElo "1707"]
[BlackElo "1499"]
[PlyCount "53"]
[EventDate "2017.08.11"]
[EventType "swiss"]
[EventRounds "7"]
[EventCountry "BRA"]
[SourceTitle "CBM 180 Extra"]
[Source "ChessBase"]
[SourceDate "2017.10.06"]
[SourceVersion "1"]
[SourceVersionDate "2017.10.06"]
[SourceQuality "1"]

1. Nf3 c5 2. c4 d6 3. g3 g6 4. Bg2 Bg7 5. 0-0 e6 6. d4 cxd4 7. Nxd4 a6 8. Qa4+ Qd7 9. Nb5 Nc6 10. Rd1 Bf8 11. Nxd6+ Bxd6 12. c5 b5 13. Qe4 Nge7 14. Rxd6 f5 15. Qxc6 Nxc6 16. Bxc6 Qxc6 17. Rxc6 0-0 18. Nc3 Re8 19. Bg5 Bb7 20. Rc7 Rab8 21. c6 Ba8 22. Bf6 Rb6 23. Rd1 Rxc6 24. Rg7+ Kf8 25. Rdd7 Re7 26. Rdxe7 Rd6 27. Rxh7 1-0

[Event "Florianopolis-ch 33rd"]
[Site "Florianopolis"]
[Date "2016.06.05"]
[Round "6"]
[White "Da Silva, Esequiel Luis Melo"]
[Black "Santana Freitas, Maria Eduarda"]
[Result "1-0"]
[WhiteElo "1693"]
[BlackElo "1600"]
[PlyCount "54"]
[EventDate "2016.06.03"]
[EventType "swiss"]
[EventRounds "6"]
[EventCountry "BRA"]
[SourceTitle "CBM 172 Extra"]
[Source "ChessBase"]
[SourceDate "2016.06.21"]
[SourceVersion "1"]
[SourceVersionDate "2016.06.21"]
[SourceQuality "1"]

1. Nf3 Nf6 2. d4 d5 3. c4 e6 4. Nc3 Be7 5. g3 c5 6. dxc5 Bxc5 7. cxd5 Qb6 8. e3 0-0 9. dxe6 Bxe6 10. Bg2 Nc6 11. 0-0 Rad8 12. Qe2 Na5 13. b3 Bb4 14. Bb2 Rc8 15. Rac1 Rfd8 16. Na4 Qd6 17. Bxf6 gxf6 18. Rxc8 Rxc8 19. Nd4 Bd7 20. Rd1 Qe7 21. Nb2 Bc3 22. Qh5 Qe5 23. Qe2 Bxd4 24. Rxd4 Bb5 25. Qg4+ Qg5 26. Qxc8+ Kg7 27. Rg4 Qxg4 1-0

[Event "Florianopolis-ch 33rd"]
[Site "Florianopolis"]
[Date "2016.06.04"]
[Round "3"]
[White "Da Silva, Esequiel Luis Melo"]
[Black "De Carvalho, Christopher"]
[Result "0-1"]
[WhiteElo "1693"]
[BlackElo "2069"]
[PlyCount "64"]
[EventDate "2016.06.03"]
[EventType "swiss"]
[EventRounds "6"]
[EventCountry "BRA"]
[SourceTitle "CBM 172 Extra"]
[Source "ChessBase"]
[SourceDate "2016.06.21"]
[SourceVersion "1"]
[SourceVersionDate "2016.06.21"]
[SourceQuality "1"]

1. Nf3 d5 2. d4 Nf6 3. b3 e6 4. Bb2 c5 5. e3 Nc6 6. Be2 Qc7 7. 0-0 cxd4 8. Nxd4 Be7 9. c4 dxc4 10. Nxc6 Qxc6 11. Bxc4 0-0 12. Na3 Rd8 13. Qe2 a6 14. Rac1 Qe8 15. Bd3 b5 16. Rc7 Bd6 17. Bxf6 gxf6 18. Rc3 Bxa3 19. Qh5 Kf8 20. Be4 Ra7 21. Qxh7 Ke7 22. Qh5 Qh8 23. Qf3 f5 24. Rd3 fxe4 25. Qxe4 Rxd3 26. Qxd3 Bd6 27. g3 Rd7 28. Qe4 Qh3 29. Qc2 Bb7 30. e4 Qh5 31. f4 Bc5+ 32. Kg2 Rd2+ 0-1

[Event "Florianopolis-ch 64th"]
[Site "Florianopolis"]
[Date "2016.03.15"]
[Round "7"]
[White "Ferreira, Rodrigo Maycon Mira"]
[Black "Da Silva, Esequiel Luis Melo"]
[Result "1-0"]
[WhiteElo "1901"]
[BlackElo "1739"]
[PlyCount "130"]
[EventDate "2016.02.26"]
[EventType "tourn"]
[EventRounds "9"]
[EventCountry "BRA"]
[SourceTitle "CBM 171 Extra"]
[Source "ChessBase"]
[SourceDate "2016.04.26"]
[SourceVersion "1"]
[SourceVersionDate "2016.04.26"]
[SourceQuality "1"]

1. e4 e5 2. f4 exf4 3. Nf3 d5 4. exd5 Nf6 5. Bb5+ Bd7 6. Bc4 Bd6 7. 0-0 0-0 8. d4 b5 9. Bb3 Bg4 10. Qd3 a6 11. Ne5 f3 12. Bg5 Bh5 13. g4 Bg6 14. Qxf3 Be7 15. Nxg6 hxg6 16. a4 Nbd7 17. a5 Nh7 18. Bf4 Ndf6 19. Nd2 Qd7 20. Rae1 Bb4 21. c3 Bxa5 22. h3 Rfe8 23. Ne4 Nxe4 24. Rxe4 Rxe4 25. Qxe4 Re8 26. Qf3 Re7 27. d6 cxd6 28. Qa8+ Bd8 29. Qxa6 d5 30. Qa8 Nf6 31. g5 Nh5 32. Qxd5 Nxf4 33. Rxf4 Qe8 34. Qf3 Re1+ 35. Kf2 Re7 36. Bd5 Bc7 37. Bc6 Qb8 38. Re4 Bd6 39. Rxe7 Bxe7 40. Bd5 Qe8 41. Bc6 Qb8 42. Bd5 Qe8 43. h4 Kf8 44. Qe4 Qb8 45. Kg2 Qe8 46. h5 gxh5 47. g6 fxg6 48. Bc6 Qf7 49. Bxb5 Qb3 50. Qa8+ Kf7 51. Qe8+ Kf6 52. Qc6+ Kg5 53. Bd3 Qxb2+ 54. Kf3 Qh2 55. Qxg6+ Kh4 56. Qe4+ Kg5 57. Qxe7+ Kh6 58. Qe3+ g5 59. Qe6+ Kg7 60. Qg6+ Kf8 61. Qh6+ Ke8 62. Bb5+ Kf7 63. Qxg5 Qh1+ 64. Ke2 Qe4+ 65. Kd2 h4 1-0

[Event "Florianopolis-ch 64th"]
[Site "Florianopolis"]
[Date "2016.03.08"]
[Round "5"]
[White "Da Silva, Esequiel Luis Melo"]
[Black "Goncalves, Davi Sulzbacher"]
[Result "0-1"]
[WhiteElo "1739"]
[BlackElo "2218"]
[PlyCount "68"]
[EventDate "2016.02.26"]
[EventType "tourn"]
[EventRounds "9"]
[EventCountry "BRA"]
[SourceTitle "CBM 171 Extra"]
[Source "ChessBase"]
[SourceDate "2016.04.26"]
[SourceVersion "1"]
[SourceVersionDate "2016.04.26"]
[SourceQuality "1"]

1. Nf3 Nf6 2. g3 d5 3. Bg2 g6 4. b4 Bg7 5. Bb2 0-0 6. 0-0 c6 7. Na3 Qb6 8. c3 Nbd7 9. Qb3 a5 10. b5 Nc5 11. Qc2 cxb5 12. Nd4 Bd7 13. Nb3 Na4 14. Bc1 Rfc8 15. Qd3 b4 16. Nb1 e5 17. Bxd5 Nxd5 18. Qxd5 Bc6 19. Qd6 Rd8 20. Qe7 Bd5 21. Qh4 Rac8 22. cxb4 axb4 23. d3 Rc2 24. Be3 Qd6 25. Bd2 Bf6 26. Qxb4 Qxb4 27. Bxb4 Rxe2 28. N1d2 e4 29. d4 e3 30. Rae1 exf2+ 31. Rxf2 Rxe1+ 32. Nf1 Re6 33. Bd2 Nb6 34. Ba5 Bxb3 0-1

[Event "Florianopolis-ch 64th"]
[Site "Florianopolis"]
[Date "2016.03.03"]
[Round "4"]
[White "Mafra, Kaiser Luiz"]
[Black "Da Silva, Esequiel Luis Melo"]
[Result "1-0"]
[WhiteElo "2123"]
[BlackElo "1739"]
[PlyCount "77"]
[EventDate "2016.02.26"]
[EventType "tourn"]
[EventRounds "9"]
[EventCountry "BRA"]
[SourceTitle "CBM 171 Extra"]
[Source "ChessBase"]
[SourceDate "2016.04.26"]
[SourceVersion "1"]
[SourceVersionDate "2016.04.26"]
[SourceQuality "1"]

1. d4 f5 2. Bg5 Nf6 3. Bxf6 exf6 4. e3 d5 5. Bd3 g6 6. Nd2 Be6 7. h4 h5 8. Qf3 Bd6 9. Ne2 Nc6 10. a3 Ne7 11. c4 c6 12. Nf4 Qd7 13. cxd5 cxd5 14. 0-0 Kf7 15. Rac1 Rac8 16. Nb1 Rxc1 17. Rxc1 Bxf4 18. Qxf4 Rc8 19. Rxc8 Qxc8 20. Nc3 a6 21. Bb1 Qc6 22. Qf3 b5 23. Qd1 Kg7 24. Ba2 Bf7 25. Qb3 Qd6 26. g3 Be6 27. Ne2 Bf7 28. Nf4 Kh6 29. Nd3 Be6 30. Qc2 Kg7 31. Qd2 Bc8 32. Qa5 Nc6 33. Qb6 Qe6 34. Nf4 Qd7 35. Bxd5 Ne7 36. Bg2 Ng8 37. d5 Kh6 38. Ne6 g5 39. hxg5+ 1-0

[Event "Florianopolis op 2nd"]
[Site "Florianopolis"]
[Date "2016.01.19"]
[Round "5"]
[White "Souza, Gustavo Horokoski"]
[Black "Da Silva, Esequiel Luis Melo"]
[Result "1-0"]
[WhiteElo "1905"]
[BlackElo "1725"]
[PlyCount "71"]
[EventDate "2016.01.16"]
[EventType "swiss"]
[EventRounds "10"]
[EventCountry "BRA"]
[SourceTitle "CBM 170 Extra"]
[Source "ChessBase"]
[SourceDate "2016.02.25"]
[SourceVersion "1"]
[SourceVersionDate "2016.02.25"]
[SourceQuality "1"]

1. d4 f5 2. Nf3 Nf6 3. g3 e6 4. c4 Be7 5. Bg2 0-0 6. 0-0 d6 7. Qc2 c6 8. b4 Nbd7 9. Bb2 Ne4 10. Nc3 d5 11. c5 Qe8 12. Ne5 Nxe5 13. dxe5 Nxc3 14. Bxc3 f4 15. Bf3 Bd7 16. Bd2 g5 17. gxf4 gxf4 18. Kh1 Qb8 19. Rg1+ Kh8 20. Rad1 Be8 21. Qc1 Bf7 22. Bxf4 Rg8 23. Rxg8+ Bxg8 24. Rg1 Qc7 25. Rg3 Bf8 26. e4 Bg7 27. exd5 cxd5 28. Qe3 b6 29. c6 Qxc6 30. Bh6 Bf7 31. Bxg7+ Kg8 32. Bf6+ Bg6 33. Qh6 Qc7 34. h4 Rc8 35. Kg2 Rf8 36. Rxg6+ 1-0